MDQL
is popping MORE tags! Check the
thread
!
Quizzes
Events
Quiz Creation
Community
Videos
Private Events
Remove Ads
Sign In
Join for FREE
Feedback
Dark Mode
Quiz Categories
Sports
Geography
Music
Movies
Television
Just For Fun
Miscellaneous
History
Literature
Language
Science
Gaming
Entertainment
Religion
Holiday
For Kids
Quiz Lab
Recent
Popular Today
Quiz Kudos Today
Editor Picks
Curator Picks
Quizzes by...
Day
Popularity
Type
Ratings
Length
Year
Community
Subscriptions
Recent Discussions
Orange Saloon
Badges
Playlists
Quests
Create
Leaderboards
Showdown
Live 5
Trivia Bingo
Activity
Puzzle Library
Sporcle Events
Private Events
Virtual Trivia
Globe League
Become a Host
Pub Owners
SporcleCon
Opinionation
Our Games
Videos
Blog
Mobile Apps
Partnerships
Remove Ads and Go Orange
Feedback
Music
Pop Music
The Beatles
Song
Album
Lyrics
Bands
Singers
Artist
Clip
Rock
Rap
Classical
Billboard
Country Music
Kpop
Taylor Swift
Music
Pop Music
The Beatles
Song
Album
Lyrics
Bands
Singers
Artist
Clip
Rock
Rap
Classical
Billboard
Country Music
Kpop
Taylor Swift
Random Quiz
Search Sporcle
×
Quiz Lab
Quiz Lab
Music
Artist
Type in answers that appear in a list
Type in answers that appear in a list
Classic
Best Score? Go Orange.
Same Title - Different Songs Stats
Can you name the song with the Same Title but Different Song?
By
DontBurnThePig41
15m
40 Questions
114 Plays
114 Plays
114 Plays
Comments
Comments
Give Quiz Kudos
Give Quiz Kudos
-
- Ratings
hide this ad
More Info
Random Order
Randomize order of answers
Randomize order of answers
Replay
Link that replays current quiz
Next Quiz
Link to next quiz in quiz playlist
You Got
0%
They Got
Avg Score
15%
Avg Friend Score
Upgrade to see
Score Distribution
Jump to the score distribution portion of the page
Score
0/40
Timer
15:00
0
Plays Today
Artist 1
Song
% Correct
U2
One
41.2%
Eurthymics
Sweet Dreams
39.5%
Asher Roth
Bad Day
37.7%
The Cure
Love Song
35.1%
Avril Lavigne
Girlfriend
31.6%
Mariah Carey
Hero
29.8%
Fergie
Big Girls Don't Cry
28.9%
Nickelback
Photograph
27.2%
David Bowie
Changes
26.3%
Eminem
Beautiful
24.6%
Blink 182
Down
23.7%
Incubus
Drive
20.2%
Lily Allen
Smile
19.3%
Ne-
Yo
Miss Independent
18.4%
Red Hot Chili Peppers
Around the World
17.5%
Van Halen
Beautiful Girls
16.7%
Chuck Berry
Let it Rock
16.7%
Vampire Weekend
Boston
15.8%
Drake
Forever
14.9%
Kanye West
Paranoid
14.9%
Artist 1
Song
% Correct
Jay Z
Fallin'
14%
Hootie & The Blowfish
Time
13.2%
Weezer
Holiday
12.3%
Pearl Jam
Alive
11.4%
Bones Thugs N Harmony
Crossroads
11.4%
Notorious B.I.G.
Hypnotize
10.5%
Radiohead
Lucky
8.8%
Rob Thomas
Someday
8.8%
Joe Budden
Fire
7.9%
Taylor Swift
Superstar
7.9%
The Game
Dreams
7%
Rage Against the Machine
Testify
6.1%
Ja Rule
Wonderful
6.1%
The Beatles
Boys
3.5%
Dave Matthews Band
Spaceman
3.5%
Gov't Mule
Larger Than Life
1.8%
Michael Jackson
ABC
0.9%
The Fray
All at Once
0.9%
Muse
Assassin
0%
Otis Redding
Mr. Pitiful
0%
Quiz Playlist
Details
Report
Send in Message
Add To Playlist
More Info:
Can you name the song with the same title but with different songs?
Classic:
Type in answers that appear in a list
Random Order:
Randomize order of answers
Last Updated: Feb 16, 2017
Quiz Scoreboard
CHALLENGE
Sign Up to Join the Scoreboard
Show All
Scores
Hide
Comments
May contain spoilers
Recently Published
Colored Red Africa Blitz
by spor1
Geography
30s
Find the 'City' Movie
by crazypaving
Movies
60s
5x2 Blitz: Bands
by SL_Kpop136
Music
30s
More to Explore
Quiz From the Vault
Featured Blog Post
14 Easter Pick-up Lines to Find Eggs With
hide this ad
You Might Also Like...
Tags
Artist Quiz
Song Quiz
Different
Different Songs
same
Today's Top Quizzes in Music
Browse Music
hide this ad
Today's Top Quizzes in Artist
Browse Artist
Top Contributed Quizzes in Music
1
5X2 Blitz: Bands II
2
Taylor Swift All Songs (2024)
3
5X2 Blitz: The Beatles
4
5X2 Blitz: Billboard
5
Taylor Swift Logic Puzzle
6
Taylor Swift Logic Puzzle II
7
5X2 Blitz: Album
8
5X2 Blitz: Billboard II
9
Music Artist by Three 2010s hits
10
5X2 Blitz: Rock
Explore More
Trending Topics
Kpop
Marvel
NBA
Anime
Disney
Crossword
Harry Potter
Song
WWE
Soccer
Pokémon
NFL
Puzzle
Country
The Office
hide this ad
More By:
DontBurnThePig41
Quiz
Plays
Rating
Category
Featured
Created
2010 Live Songs by Dave Matthews Band
656
5.00
Music
Nov 30, 2010
Best Drummers
231
Music
Feb 12, 2010
DMB Songs - Same Title/Different Song
147
5.00
Music
Mar 28, 2010
Same Title - Different Songs
114
3.50
Music
Mar 15, 2010
What are the Top 25 Digital Albums?
30
3.00
Music
Sep 3, 2010
Go to Creator's Profile
Score Distribution
Quiz Creator Spotlight
DontBurnThePig41
Follow
Send a Message
Quizzes Created
-
Created Quiz Play Count
-
More By This Creator
Popular Quizzes Today
1
5x2 Blitz: Bands
2
Find the 'City' Movie
3
Find the US States - No Outlines Minefield
4
Colored Red Africa Blitz
5
The Countries of the World
6
Find the US States
7
9x9 Crossword: Cartoon Network
8
Risky Map Clicking: Biggest States A-Z
More Music Quizzes
'Superheroes' Lyrics - The Script
Quiz Lab
Trending Quizzes
Colored Red Africa Blitz II
Colored Red Europe Blitz I
Find the 'Dark' Movie
Find the 'Day' Movie
Find the 'Good' Movie
Recently Updated
Champions League XIs: Real Madrid
pecheneg
Largest US Cities 1790-2010
pecheneg
Rides in Walt Disney World
pecheneg
Most Oscar Losses (Acting)
pecheneg
Beyoncé Albums
pecheneg
Leaping Animals
pecheneg
Reality TV Shows (A-Z)
bhenderson79
Rickey Henderson's Hall of Fame Teammates
pecheneg
Champions League XIs: Arsenal
pecheneg
Quick Pick: Celebrities in WWE's Hall of Fame
aduchscher
Trending Topics
Crossword
Anime
Kpop
Harry Potter
Disney
NBA
Marvel
Country
Song
WWE
Puzzle
NFL
The Office
Soccer
Pokémon
Your Account Isn't Verified!
In order to create a playlist on Sporcle, you need to verify the email address you used during registration. Go to your
Sporcle Settings
to finish the process.
Report this User
Report this user for behavior that violates our
Community Guidelines
.
Details:
Send Report
Go to the Sporcle.com Mobile Site →
Comments